000
00330nam a2200133Ia 4500
008
240624s9999 xx 000 0 und d
041
_a
eng
082
_a
953 RAS
100
_a
RASHID AHMED
245
_a
PAKISTAN ON THE BRINK THE FUTURE OF PAKI
260
_c
2012
_a
New Delhi
_b
Allen Lane
300
_a
234 : p.
365
_c
RS
_b
25
999
_c
19277
_d
19277